|
|
|
|
| LEADER |
00843nas a22002173u 4500 |
| 001 |
10108514 |
| 003 |
upatras |
| 005 |
20210419153021.0 |
| 008 |
991022s1997 eng |
| 040 |
|
|
|a Βιβλιοθήκη ΕΑΙΤΥ
|c Βιβλιοθήκη ΕΑΙΤΥ
|
| 041 |
0 |
|
|a eng
|
| 245 |
1 |
0 |
|a ACM SIGGROUP Bulletin
|b A Publication of the ACM Special Interest Group on Supporting Group Work
|
| 260 |
|
|
|a New York
|b Association for Computing Machinery
|c 1997
|
| 500 |
|
|
|a Προηγούμενος τίτλος:ACM SIGOIS Bulletin
|
| 650 |
|
4 |
|a ACM
|9 24250
|
| 650 |
|
4 |
|a Ηλεκτρονικοί υπολογιστές
|x Συνέδρια
|9 116862
|
| 650 |
|
4 |
|a JOURNAL
|9 24258
|
| 650 |
|
4 |
|a ΠΕΡΙΟΔΙΚΟ
|9 24254
|
| 942 |
|
|
|2 ddc
|s 1
|c JNL
|
| 952 |
|
|
|0 0
|1 0
|4 0
|7 0
|9 20867
|c SER
|d 2016-04-24
|l 0
|r 2016-04-24 00:00:00
|w 2016-04-24
|y JNL
|
| 999 |
|
|
|c 12226
|d 12226
|